Clementine (Record no. 265217)
[ view plain ]
| 000 -LEADER | |
|---|---|
| fixed length control field | 02395nim a2200601La 4500 |
| 001 - CONTROL NUMBER | |
| control field | ocn122328626 |
| 003 - CONTROL NUMBER IDENTIFIER | |
| control field | OCoLC |
| 005 - DATE AND TIME OF LATEST TRANSACTION | |
| control field | 20200320181852.0 |
| 007 - PHYSICAL DESCRIPTION FIXED FIELD--GENERAL INFORMATION | |
| fixed length control field | sd fungnnmmned |
| 008 - FIXED-LENGTH DATA ELEMENTS--GENERAL INFORMATION | |
| fixed length control field | 070131s2007 mdunnnnc f n eng d |
| 020 ## - INTERNATIONAL STANDARD BOOK NUMBER | |
| International Standard Book Number | 9781428145894 |
| 020 ## - INTERNATIONAL STANDARD BOOK NUMBER | |
| International Standard Book Number | 1428145893 |
| 028 01 - PUBLISHER NUMBER | |
| Publisher number | C4082 |
| Source | Recorded Books |
| 029 0# - (OCLC) | |
| OCLC library identifier | RECBX |
| System control number | rbc00004082 |
| 035 ## - SYSTEM CONTROL NUMBER | |
| System control number | (OCoLC)122328626 |
| 040 ## - CATALOGING SOURCE | |
| Original cataloging agency | RECBX |
| Transcribing agency | RECBX |
| Modifying agency | LF8 |
| -- | WACOL |
| 049 ## - LOCAL HOLDINGS (OCLC) | |
| Holding library | WACL |
| 050 14 - LIBRARY OF CONGRESS CALL NUMBER | |
| Classification number | PZ7.P3856 |
| Item number | Cle 2007c |
| 082 04 - DEWEY DECIMAL CLASSIFICATION NUMBER | |
| Classification number | [Fic] |
| Edition number | 22 |
| 092 ## - LOCALLY ASSIGNED DEWEY CALL NUMBER (OCLC) | |
| Classification number | J Cd |
| Item number | Pen |
| 100 1# - MAIN ENTRY--PERSONAL NAME | |
| Personal name | Pennypacker, Sara, |
| Dates associated with a name | 1951- |
| 9 (RLIN) | 40048 |
| 245 10 - TITLE STATEMENT | |
| Title | Clementine |
| Medium | [sound recording] / |
| Statement of responsibility, etc | by Sara Pennypacker. |
| 260 ## - PUBLICATION, DISTRIBUTION, ETC. (IMPRINT) | |
| Place of publication, distribution, etc | Prince Frederick, MD : |
| Name of publisher, distributor, etc | Recorded Books, |
| Date of publication, distribution, etc | p2007. |
| 300 ## - PHYSICAL DESCRIPTION | |
| Extent | 2 sound discs (1 hr., 30 min.) : |
| Other physical details | digital ; |
| Dimensions | 4 3/4 in. |
| 500 ## - GENERAL NOTE | |
| General note | In container (17 cm.). |
| 500 ## - GENERAL NOTE | |
| General note | Title from container. |
| 500 ## - GENERAL NOTE | |
| General note | "Unabridged Fiction"--Container. |
| 500 ## - GENERAL NOTE | |
| General note | "With tracks every 3 minutes for easy book marking"--Container. |
| 500 ## - GENERAL NOTE | |
| General note | Compact disc. |
| 511 0# - PARTICIPANT OR PERFORMER NOTE | |
| Participant or performer note | Narrated by Jessica Almassy. |
| 520 ## - SUMMARY, ETC. | |
| Summary, etc | While sorting through difficulties in her friendship with her neighbor Margaret, eight-year-old Clementine gains several unique hairstyles while also helping her father in his efforts to banish pigeons from the front of their apartment building. |
| 521 1# - TARGET AUDIENCE NOTE | |
| Target audience note | 5 years and up. |
| 530 ## - ADDITIONAL PHYSICAL FORM AVAILABLE NOTE | |
| Additional physical form available note | Issued also as Recorded Books Unabridged Fiction on compact disc with book. |
| 530 ## - ADDITIONAL PHYSICAL FORM AVAILABLE NOTE | |
| Additional physical form available note | Issued also on cassette. |
| 521 ## - TARGET AUDIENCE NOTE | |
| Target audience note | junior audio cd |
| Source | recorded books |
| 650 #1 - SUBJECT ADDED ENTRY--TOPICAL TERM | |
| Topical term or geographic name as entry element | Friendship |
| Form subdivision | Fiction. |
| 9 (RLIN) | 5673769 |
| 650 #1 - SUBJECT ADDED ENTRY--TOPICAL TERM | |
| Topical term or geographic name as entry element | Family life |
| Form subdivision | Fiction. |
| 9 (RLIN) | 5674038 |
| 650 #1 - SUBJECT ADDED ENTRY--TOPICAL TERM | |
| Topical term or geographic name as entry element | Apartment houses |
| Form subdivision | Fiction. |
| 9 (RLIN) | 5674376 |
| 650 #1 - SUBJECT ADDED ENTRY--TOPICAL TERM | |
| Topical term or geographic name as entry element | Schools |
| Form subdivision | Fiction. |
| 9 (RLIN) | 5673727 |
| 650 #1 - SUBJECT ADDED ENTRY--TOPICAL TERM | |
| Topical term or geographic name as entry element | Humorous stories. |
| 9 (RLIN) | 5838611 |
| 650 #0 - SUBJECT ADDED ENTRY--TOPICAL TERM | |
| Topical term or geographic name as entry element | Friendship |
| Form subdivision | Juvenile fiction. |
| 9 (RLIN) | 5673647 |
| 650 #0 - SUBJECT ADDED ENTRY--TOPICAL TERM | |
| Topical term or geographic name as entry element | Family life |
| Form subdivision | Juvenile fiction. |
| 9 (RLIN) | 5689066 |
| 650 #0 - SUBJECT ADDED ENTRY--TOPICAL TERM | |
| Topical term or geographic name as entry element | Apartment houses |
| Form subdivision | Juvenile fiction. |
| 9 (RLIN) | 5733092 |
| 650 #0 - SUBJECT ADDED ENTRY--TOPICAL TERM | |
| Topical term or geographic name as entry element | Schools |
| Form subdivision | Juvenile fiction. |
| 9 (RLIN) | 5838612 |
| 655 #7 - INDEX TERM--GENRE/FORM | |
| Genre/form data or focus term | Humorous fiction. |
| Source of term | gsafd |
| 9 (RLIN) | 102662 |
| 655 #0 - INDEX TERM--GENRE/FORM | |
| Genre/form data or focus term | Audiobooks. |
| 9 (RLIN) | 5838613 |
| 700 1# - ADDED ENTRY--PERSONAL NAME | |
| Personal name | Almasy, Jessica. |
| Relator code | nrt |
| 9 (RLIN) | 72256 |
| 938 ## - | |
| -- | Recorded Books |
| -- | RECB |
| -- | rbc00004082 |
| 942 ## - ADDED ENTRY ELEMENTS (KOHA) | |
| Koha item type | CD |
| 948 ## - LOCAL PROCESSING INFORMATION (OCLC); SERIES PART DESIGNATOR (RLIN) | |
| Series part designator, SPT (RLIN) | 08/10/2007 |
| z (OCLC) | Sirsi |
| 994 ## - | |
| -- | 02 |
| -- | WACOL |
| 996 ## - | |
| -- | 56989 |
| -- | 34301000658536 |
| -- | JCD |
| -- | CD |
| -- | wcl |
| -- | i |
| -- | 67 |
| -- | 30.75 |
| -- | .CIRCNOTE. 2 discs |
| -- | recorded books |
| -- | Pen |
| -- | 08/20/2007 |
| -- | 02/18/2020 |
| -- | 01/21/2020 |
| Withdrawn status | Lost status | Source of classification or shelving scheme | Materials specified (bound volume or other part) | Damaged status | Not for loan | Collection code | Home library | Current library | Shelving location | Date acquired | Source of acquisition | Cost, normal purchase price | Total Checkouts | Total Renewals | Full call number | Barcode | Date last seen | Date checked out | Cost, replacement price | Price effective from | Koha item type |
|---|---|---|---|---|---|---|---|---|---|---|---|---|---|---|---|---|---|---|---|---|---|
| Dewey Decimal Classification | .CIRCNOTE. 2 discs | Junior Audiobooks | Wasatch County Library | Wasatch County Library | Main Floor Junior Area | 08/20/2007 | 30.75 | 75 | 5 | J CD Pen | 34301000658536 | 02/09/2024 | 06/07/2023 | 30.75 | 03/20/2020 | Audiobook on CD |
